Kliknij powiaty województwa świętokrzyskiego na mapie - Statystyki

Ogólne statystyki
  • Ten quiz został rozwiązany 1 637 razy
  • Średni wynik to 9 z 14
Odpowiedzi na mapie
Odpowiedzi zakodowano w zielono-czerwonej skali na mapie do tego quizu, zgodnie z poniższymi procentami.
 
Statystyki odpowiedzi
Odpowiedź % Poprawnych
kielecki
93%
Kielce
89%
sandomierski
70%
konecki
64%
jędrzejowski
63%
starachowicki
63%
skarżyski
62%
buski
61%
włoszczowski
61%
ostrowiecki
60%
staszowski
59%
opatowski
58%
kazimierski
55%
pińczowski
55%
Nie znaleziono quizów pasujących do podanych kryteriów
Rozkład punktacji
Procent ludzi z każdym wynikiem
Percentyl według liczby udzielonych odpowiedzi
Twoja historia wyników
Nie rozwiązałeś tego quizu